[Event "WCPL:Cardigan-White Knights;Tanygroes"]
[Site "?"]
[Date "2016.01.03"]
[Round "3.7"]
[White "Strugnell, Carl"]
[Black "Williams, A. Howard"]
[Result "0-1"]
[WhiteElo "2226"]
[BlackElo "2320"]
[Annotator "Kemenade"]
[PlyCount "56"]
[EventDate "2016.01.03"]
[EventRounds "7"]
[EventCountry "WLS"]

1. e4 e5 2. Nf3 Nc6 3. Bb5 Nf6 {the fashionable Berlin} 4. d3 (4. O-O Nxe4 5.
d4 Nd6 6. Bxc6 dxc6 7. dxe5 Nf5 8. Qxd8+ Kxd8 {R.Jones-Williams, Dyfed Open
2010, draw agreed} 9. Nc3 Ke8 10. h3 h5 {R Jones- Williams, WCPL 2011,1-0})
4... Bc5 (4... d6 5. O-O g6 6. c3 Bg7 7. Re1 O-O {Heap-Williams, Dyfed League
2011,0-1}) 5. Bxc6 (5. O-O) (5. c3) 5... dxc6 6. Nbd2 {currently played by the
top GMs, several games in London Classic Dec 2015} Be6 (6... Nd7 7. O-O O-O 8.
Nc4 Re8 9. Kh1 b5 10. Na5 Qf6 {Strugnell-Petkov, S Wales Open Penarth 2013,0-1}
) (6... O-O 7. O-O Nd7 8. a4 Re8 9. b3 Bd6 10. Nc4 c5 11. Kh1 Nb8 12. Ng1 Nc6
13. Ne2 f5 {Strugnell-McShane, London Classic rapid 2015, 0-1}) 7. O-O Bd6 {61
% Wh} (7... Nd7 {more frequent, 62% Wh}) (7... Qd6 {43% for Wh}) 8. b3 (8. d4
Nd7 9. dxe5 Nxe5 10. Nxe5 Bxe5 11. f4 Bd4+ 12. Kh1 f5 {Caruana-Grischuk,
London Classic 2015,1/2-1/2}) 8... O-O 9. Nc4 (9. Bb2 Nd7 10. Qe2 c5 11. Nc4 (
11. Qe3 f6 12. a4 a5 13. Nh4 Nb8 14. Nc4 Nc6 15. Nf5 Nd4 {Mamedov-Vocaturo, EU
ch Jerusalem 2015,1/2-1/2}) 11... f6 12. Nh4 Nb8 {Yu-Eljanov, Capablanca
Memorial elite, Havana 2015,1/2-1/2}) 9... Bxc4 (9... Nd7 10. Bb2 (10. Ne3 Re8
11. Bb2 f6 12. Nd2 Nf8 13. Nf5 Qd7 14. Qf3 Ng6 15. g3 {Felgaer-Oms Palisse,
Catalunya ch tm 2012,1-0}) 10... f6 11. Ne3 Nc5 12. Nh4 g6 13. Re1 f5 14. exf5
Qxh4 15. fxe6 Qxf2+ 16. Kh1 Nxe6 17. Ng4 $11 {Rudenko-pinoMunoz, Alpert cup
ICCF 2010,1/2-1/2}) 10. bxc4 Nd7 11. Bg5 (11. Rb1 b6 12. g3 f5 13. exf5 Rxf5
14. Be3 (14. Qe2 Nc5 15. Be3 Ne6 16. Nd2 Qf6 17. Qg4 Rf8 18. Ne4 Qf7 {
Carlsen-Aronian, Final Masters Sao Paulo/Bilbao 2012,1/2-1/2}) 14... Qe8 15.
Nd2 Qg6 16. Ne4 Raf8 {Anand-Aronian, Wld ch rapid Dubai 2014,1/2-1/2}) (11. Be3
Qe7 12. c3 b5 13. cxb5 cxb5 14. a4 a6 15. Qc2 c5 {Adams-Giri, Bundesliga 2015,
1/2-1/2}) 11... f6 $146 {Fritz15} (11... Be7 12. Be3 Bd6 (12... b6 13. Nd2 Bd6
14. Qg4 Qe7 15. Bg5 f6 16. Be3 Rfe8 17. Nf3 Qe6 18. Qg3 $11 {Khanin-Mamyrbay,
World U16 Olympiad 2015,1-0}) 13. g3 g6 14. Nh4 b5 15. Qg4 Nf6 16. Qf3 Nd7 {
Saric-Radjabov, Tata steel Wijk aan Zee 2015,0-1}) 12. Be3 Nc5 13. Nh4 Ne6 (
13... g6 14. Qg4 Qd7 $11 {Fritz15}) 14. Qg4 Qd7 15. Rab1 b6 16. Nf5 (16. g3
Rae8 (16... Rad8 17. f4 exf4 18. gxf4 Rfe8 $11) 17. f4 {considered in pm
analysis, perhaps a safer way for Wh to continue without damaging his pawn
structure as shortly in the game} exf4 18. gxf4 Rf7 $11 {Fritz15}) 16... g6 17.
d4 $5 {trying to break through, though damages the Wh pawns in the long run} (
17. h4 {another pm idea, Fritz15 choice} Kh8 18. Nxd6 cxd6 19. f4 Rf7 20. h5
Rg8 $11 {Fritz15}) 17... Kh8 (17... exd4 18. Nxd4 Rfe8 19. f3 Rad8 20. Nxe6
Qxe6 21. Qxe6+ Rxe6 22. c5 bxc5 23. Rb7 $11 {Fritz15}) 18. Nh4 (18. Nxd6 cxd6
19. Rbd1 $11 {Fritz15}) 18... exd4 19. Bxd4 Rad8 $15 (19... Rae8 20. Rbd1 (20.
Nf3 c5 21. Bc3 Qa4 22. e5 fxe5 23. Bxe5+ Bxe5 24. Nxe5 Qxc2 $17) 20... Qf7 21.
Bc3 Nc5 22. Rfe1 Qxc4 $17 {Fritz15}) 20. Be3 (20. Ba1 {Fritz15}) 20... Nd4 (
20... Nc5 21. Qxd7 Rxd7 22. Bxc5 Bxc5 23. Nf3 Re8 24. Rfe1 Rde7 25. e5 fxe5 26.
Re4 Kg7 27. Rbe1 Bb4 28. R1e3 Kf6 $17 {Fritz15}) 21. Qd1 Bc5 22. Bh6 Rfe8 $17
23. c3 (23. Re1 Qf7 $19 {Fritz15}) 23... Ne6 24. Qf3 Qe7 25. Rfe1 (25. e5 fxe5
26. Qe4 Ng5 27. Bxg5 Qxg5 28. Nf3 Qf4 29. Qxc6 Re7 30. Rbe1 e4 31. Nd4 Bxd4 32.
cxd4 Rxd4 33. c5 Rc4 34. Qa8+ Kg7 35. Qxa7 Rxc5 $17 {Fritz15}) 25... Ng5 $1 $19
26. Qf4 Nf7 27. Qc1 Ne5 28. Qc2 (28. Re2 Qe6 29. Nf3 Qxc4 $19 {Fritz15}) 28...
Ng4 {Wh's pawn structure gives way} (28... Ng4 29. Be3 Nxe3 30. fxe3 Qxe4 31.
Qxe4 Rxe4 32. Nf3 Rxc4 33. Rbc1 Rd3 34. Nd4 Bd6 35. Ne2 Rd2 (35... Rxe3) 36.
Ra1 Kg7 37. Kf1 Ra4 38. Nd4 Raxa2 (38... c5 39. Re2 Rd3 40. Nf3 Rxc3 $19) 39.
Rxa2 Rxa2 40. Nxc6 a5 $19 (40... Bxh2 $19 {Fritz15})) 0-1

[Event "WCPL:Cardigan-White Knights; Tanygroes"]
[Site "?"]
[Date "2016.01.03"]
[Round "3.8"]
[White "Jones, Iolo C"]
[Black "Young, Alan"]
[Result "1-0"]
[WhiteElo "2168"]
[BlackElo "2090"]
[Annotator "Kemenade"]
[PlyCount "63"]
[EventDate "2016.??.??"]

1. d4 d5 2. Nf3 Nf6 3. e3 Bg4 4. c4 dxc4 5. Bxc4 e6 {transposing back to a QGA
Alekhine var, which Alan plays but Iolo normally has played either Qa4 ch or
Na3 to regain the c pawn} 6. Qb3 (6. h3 {main} Bh5 7. O-O a6 8. Nc3 Nc6 9. a3 (
9. Be2 Bd6 10. b3 O-O 11. Bb2 Qe8 12. Nd2 Bxe2 13. Nxe2 Rd8 {J Gilbert-Young,
EU cupKallithea 2008,1/2-1/2}) 9... Bd6 10. Be2 O-O 11. b4 Bg6 12. Bb2 Nd5 {G
Rees-Young, WLS ch 2009,1/2-1/2}) (6. O-O a6 7. Nbd2 c5 8. dxc5 Bxc5 9. b3 {
Haigh-Young, Dyfed open 2012,1-0}) 6... Bxf3 7. gxf3 c5 (7... Nbd7 {main}) 8.
dxc5 (8. Qxb7 {main} Nbd7 9. dxc5 (9. Nc3) 9... Bxc5 10. Nc3 O-O 11. Bb3 Ne5
12. f4 Rb8 13. Qg2 Nd3+ 14. Ke2 Nb4 (14... Qd6 $15) 15. Rd1 Qc8 16. Kf1 {
Robinson-Young, S Wales Autumn Bridgend 2013,0-1}) (8. Nc3 cxd4 9. exd4 Be7 10.
Rg1 g6 11. d5 $16 {Staniforth-Young, S Wales Open 2015,0-1}) 8... Bxc5 9. O-O (
9. Nc3) (9. Qxb7 {main lines, giving equal chances}) 9... O-O (9... Nbd7) 10.
Nc3 (10. Rd1 Qe7 11. Nc3 Nc6 12. Be2 Rfd8 13. Bd2 Ne5 {Bagaturov-Brynell, EU
cup Izmir 2004,1/2-1/2}) 10... Qe7 $11 {after 15 mins think} 11. Qc2 Nc6 12.
Ne4 (12. Rd1 $11) (12. Bd2 $11 {Fritz15}) 12... Ne5 (12... Rac8 $15) (12...
Nxe4 13. Qxe4 Rfd8 $15 {Fritz15 both lines}) 13. Be2 Rac8 (13... Nxe4 14. Qxe4
Bd6 15. f4 f5 16. Qg2 Nc6 17. Bd2 $11 {Fritz15}) 14. Nxf6+ (14. Nxc5 Rxc5 15.
Qb3 Nc6 16. Rd1 $11 {Fritz15}) 14... Qxf6 15. Qe4 Bd6 (15... Qg5+ $1 {Fritz15}
16. Kh1 Qh5 17. Re1 Rfd8 18. f4 Ng4 19. Qg2 f5 20. Kg1 Qh4 21. Rd1 (21. Qg3 Qh6
22. Bxg4 fxg4 23. Qxg4 Bb4 24. Rf1 Rc2 25. a3 Bd6 26. b3 $11 {Fritz15}) 21...
Be7 22. Rxd8+ Rxd8 23. Qg3 $11 {Fritz15}) (15... Rfd8 16. f4 Nc6 17. a3 a5 18.
Ra2 Bd6 19. b3 e5 20. Bb2 Qh4 21. Qg2 g6 22. Qg3 Qe7 $15 {Fritz15}) 16. Rd1 Bb8
(16... Rfd8 17. Qxb7 (17. Bd2 Qg5+ 18. Kf1 Nc6 19. f4 Qh4 20. Qg2 e5 $11 {
Fritz15}) 17... Rb8 18. Qxa7 Rd7 19. Qa6 (19. Qxd7 Nxd7 20. Rxd6 Ne5 21. f4 $11
) 19... Rbd8 {and the main defender has left the K} 20. f4 Qg6+ 21. Kh1 Qe4+
22. f3 (22. Kg1 Nf3+ $17) 22... Nxf3 23. Bd3 Qb4 24. a3 Qc5 25. Bf1 Qh5 26. Qe2
Bxf4 27. Rxd7 Rxd7 28. h3 (28. exf4 Rd1 $19 29. Kg2 Qg4+ 30. Kf2 Qg1+ 31. Kxf3
Rxf1+ 32. Ke4 Re1 {Fritz15})) 17. Bd2 Qg5+ (17... Nc6 $11 {Fritz15}) (17... Qh6
{Rudy} 18. f4 f5 (18... Nc6 19. Bc3 Rfd8 $14 {because of the 2 Bs after all
the Rs swap off, Fritz15}) 19. Qxb7 Ng4 (19... Ng6 20. Rac1 {loses as Bl has
no real chances against f4}) 20. Bxg4 fxg4 21. Bb4 $1 {Fritz15} (21. Qg2 e5 22.
fxe5 Rc2 23. Qe4 Rxb2 24. Rab1 Rxb1 25. Qd5+ $1 (25. Rxb1 Qe6 $11) 25... Kh8
26. Rxb1 Qh4 27. Be1 Qh5 28. Bc3 $16 {Fritz15}) (21. Bc3 g5 (21... e5 22. Rd7
Rxc3 23. bxc3 exf4 24. Qd5+ Kh8 25. Rd8 $18 {Fritz15 ends Bl's fun}) 22. Rd7
Rxc3 23. bxc3 gxf4 24. exf4 Bxf4 25. Qg2 Qg6 26. Re1 $18) 21... Rc7 22. Qg2 Re8
23. Qxg4 $18) 18. Kf1 $14 f5 (18... Nc6 19. f4 Qh4 20. Qg2 e5 21. Bc3 g6 22. f5
Rcd8 $14 (22... Ne7 23. e4 Nc6 24. Bd2 Qe7 25. Bh6 Rfd8 26. Bc4 $14 {Fritz15}))
19. Qxb7 $16 {(why not 12 moves earlier?)} Qh4 (19... Rc7 {keeps Q away from
the K side} 20. Qb3 (20. f4 Rxb7 21. fxg5 Rxb2 22. Rab1 Rc2 (22... Rxa2 23. f4)
23. Rb7 Rfc8 24. a4 $16) 20... Qh6 21. f4 Ng4 22. Bxg4 fxg4 23. Rac1 $16) 20.
f4 Ng4 21. Bxg4 fxg4 (21... Qxg4 22. Bc3 Qh3+ 23. Kg1 Qg4+ 24. Kh1 Rc7 25. Qg2
$16 {Fritz15}) 22. Bc3 Rc7 (22... e5 23. Rd7 $18 {seen by both sides} Rxc3 $5 {
Rudy, leads to nothing after} 24. Rxg7+ Kh8 25. bxc3 exf4 26. Rf7 $1 {Fritz15}
Rd8 (26... Rg8 27. exf4 Qxh2 28. Qe4) 27. Qe7 $18 {Fritz15}) 23. Qe4 Qxh2 24.
Qxe6+ Rcf7 25. Qxg4 $18 h5 26. Qg5 (26. Qg2 {Fritz15}) 26... Qh3+ 27. Ke2 Qe6
28. Rg1 {usually if the g file has been opened, players have the possibilty of
a Kh1 & Rg1 early on in the game. Here Wh has allowed his K to be chased tothe
centre to make it possible} Qa6+ 29. Ke1 Bxf4 (29... Qb7 30. Qxh5 Rd8 31. Rd1 {
and Bl is just 3 pawns down, still facing attacks on his K} (31. Rh1 Kf8 32.
Rd1)) 30. Qxg7+ Rxg7 31. Rxg7+ Kh8 32. Rxa7+ {Bl is getting even further
behind on material} 1-0

[Event "WCPL:Cardigan-White Knights;Tanygroes"]
[Site "?"]
[Date "2016.01.03"]
[Round "3.9"]
[White "Hewitt, William"]
[Black "Heap, Gerry"]
[Result "0-1"]
[WhiteElo "2045"]
[BlackElo "2084"]
[Annotator "Kemenade"]
[PlyCount "56"]
[EventDate "2016.01.03"]
[EventRounds "7"]
[EventCountry "WLS"]
[WhiteTeam "White Knights"]
[BlackTeam "Cardigan"]

1. d4 {in the past Bill has almost always gone for e4} Nf6 2. c4 c5 3. e3 {
avoiding the Benko} g6 4. Nc3 Bg7 5. Nf3 O-O 6. Be2 cxd4 7. exd4 d5 {now its a
kind of Gruenfeld} 8. O-O Nc6 9. h3 dxc4 10. Bxc4 Na5 {so far all the main
line moves have been chosen by both sides} 11. Bd3 {2nd preference, 40% for Wh}
(11. Be2 {main though only scores 32% for Wh}) 11... Be6 {43% for Wh, main} (
11... b6 {29% for Wh only, but with fewer games}) 12. Qe2 (12. Re1 {nearer
equality in score than the text}) 12... Rc8 13. Rd1 Nc6 $146 (13... Bc4 14.
Bxc4 (14. b3 Bxd3 15. Qxd3 Nd5 16. Nxd5 Qxd5 17. Ba3 Bf6 18. Rac1 Rfd8 $11 {
Daguro Dasalla-Rivero Ojeda, Barcelona Tupinamba op 2013,0-1}) 14... Nxc4 15.
d5 Re8 $11 {Tjomsland-Groenn,NOR ch Sandefjord 2012,0-1}) (13... Nd5 14. Nxd5
Bxd5 15. Bd2 Nc6 (15... Nc4) 16. Bc3 Qb6 $15 {Martinus-Fercec, CRO cup Sibenik
2011,0-1}) 14. Be3 {Wh has an isolated QP & needs active piece play to
compensate} (14. Bc4 $11 {Fritz15}) 14... Nb4 $15 15. Ng5 Bd5 16. Nxd5 Nfxd5
17. Bc4 Nxe3 18. fxe3 Nd5 (18... Bh6 $1 $17 {Fritz15} 19. h4 Bxg5 20. hxg5 e6
$17) 19. Bxd5 Qxd5 20. Nf3 Rc7 (20... Bh6 21. e4 Qd6 22. d5 Rc7 $15 {Fritz15})
21. e4 Qa5 22. d5 {Wh's pawns are static & he has lost controlover the bl
squares} Qb6+ (22... Rfc8 $17) 23. Kh1 Rfc8 $17 (23... Qxb2 $17) 24. e5 Rc2 25.
Qe4 Qf2 (25... Qxb2 26. Rab1 Qxa2 27. d6 exd6 28. exd6 Bf6 29. Nh2 h5 30. d7
Rd8 31. Rxb7 Kg7 $17 {Fritz15}) 26. Nd4 (26. Rg1 Re2 27. Qg4 Qc5 28. b4 h5 29.
Qd7 Qc7 30. Qxc7 Rxc7 31. Rge1 Rcc2 $17) 26... Rxb2 $19 27. Rf1 (27. Rab1 Rxa2
28. Rf1 Qg3 29. Qf3 Bxe5 30. Qxg3 Bxg3 31. Rxb7 Rc7 $19 {Fritz15}) 27... Qg3
28. Rae1 (28. Qf3 {only move} Bxe5 29. Qxg3 Bxg3 30. Rfb1 Rxb1+ 31. Rxb1 Rc4
32. Ne2 Bd6 33. Rb2 b6 $19) 28... Bxe5 0-1

[Event "WCPL:Cardigan-White Knights; Tanygroes"]
[Site "online arena"]
[Date "2016.01.03"]
[Round "3.10"]
[White "Van Kemenade, Rudy"]
[Black "Garcia, Jason"]
[Result "0-1"]
[WhiteElo "1964"]
[BlackElo "2028"]
[Annotator "Kemenade"]
[PlyCount "114"]
[EventDate "2015.??.??"]

1. e4 d5 2. Nf3 dxe4 3. Ng5 Nf6 4. Bc4 e6 5. Nc3 Be7 6. O-O O-O 7. Re1 {by now
Bl was already far behind in time in an unfamiliar position, though Wh has had
internet experiece of these lines} Nc6 8. Ncxe4 Nxe4 9. Nxe4 Ne5 {a novel
position, a close cousin of the Budapest with colours reversed} 10. Bf1 {
guarding g2 in some variations} (10. Bb3 Nc6 11. c3 Na5 12. Bc2 f5 13. Ng3 c5
$11) 10... Nd7 (10... c5 {can lead to complex tactics, though perhaps too
risky for Wh} 11. Nxc5 $5 (11. a4 $11) 11... Bxc5 12. Rxe5 Bxf2+ 13. Kh1 (13.
Kxf2 Qf6+) 13... Qd6 14. Rh5 (14. Qe2 Bd4 15. Re4 f5 16. Rh4 Bf6 17. Rh3 h6 18.
c3 e5 19. Qb5 a6 20. Bc4+ Kh8 21. Qd5 Qc7 $17) 14... g6 15. Qf3 $5 Bb6 (15...
gxh5 16. Qxf2 Rd8 17. c3 e5 18. d4 exd4 19. Bg5 Re8 20. Rd1 Bg4 21. Rxd4 Qg6
22. Be3 Rad8 $15) 16. Rh4 Qe7 17. g3 Bd7 18. Bg2 Qc5 19. Qd1 Bc6 20. d4 Bxg2+
21. Kxg2 Qc6+ 22. Kg1 Bd8 23. Rf4 e5 24. Rf2 exd4 25. Bh6 Re8 26. Qd3 (26. Qxd4
f6 $19) 26... Re4 27. Raf1 f5 $17) 11. d4 Nf6 {Bl wants to swap off pieces to
avoid a K side attack} 12. Ng5 (12. Nxf6+ Bxf6 13. Be3 b6 14. c3 Bb7 15. Qg4
Qe7 $11) 12... Bd7 (12... c5 13. dxc5 Bxc5 14. Qxd8 Rxd8 15. Bd3 Bd7 $11 {
Fritz15, though Wh has a Q side majority of pawns}) 13. Re3 {Wh gets ambitious}
(13. Bd3 c5 14. dxc5 h6 15. Nf3 Bxc5 16. Ne5 Rc8 17. Qf3 Bc6 18. Nxc6 Rxc6 19.
Bf4 Bd6 $11) 13... h6 {a slight K side weakening,; Fritz15 prefers the
immediate} (13... c5 14. Nf3 (14. Rh3 {Rudy} h6 15. Nf3 cxd4 16. Bxh6 {Fritz15}
e5 (16... gxh6 17. Qxd4 e5 18. Rg3+ Kh8 19. Qe3 Ng4 20. Rxg4 Bxg4 21. Qxh6+ Kg8
22. Bd3 e4 23. Bxe4 f5 24. Qg6+ $11) 17. Bxg7 Kxg7 (17... Bxh3 18. Bxf8 Kxf8
19. gxh3 $11) 18. Rg3+ Kh8 19. Nxe5 Be6 20. Qd2 Ng8 21. Bd3 $18 {Fritz15 eg}
Qd6 22. Qf4 Rac8 23. Qe4 f5 24. Ng6+ Kh7 25. Nxf8+ Bxf8 26. Qg4) 14... Qc7 15.
c3 Rfd8 16. Bd3 cxd4 17. cxd4 Qb6 18. Bd2 h6 19. Ne5 Bb5 20. Bxb5 Qxb5 21. Bc3
Rac8 $15 {Fritz15}) 14. Nf3 c5 15. Ne5 $11 cxd4 (15... Be8 16. Rg3 Ne4 17. Re3
f5 18. c3 cxd4 19. cxd4 Bc5 20. Rd3 Bb6 21. a4 $11 Qd5 (21... a5 22. f3 Nf6 23.
b3 Nd5 24. Ba3 Rf6 25. Rc1 $11) 22. b3 (22. f4 g5 23. Be3 Rd8 24. Qf3 $11)
22... Qxe5 23. dxe5 Nxf2 24. Qe2 Nh3+ 25. Kh1 Nf2+ 26. Kg1 $11 {Fritz15}) 16.
Qxd4 (16. Rg3 {considered for a while ,looked to not quite work but still
seems to give excellent chances( its positional, once on e3 the R needs to be
able to go to g3)} Ne4 $1 {Fritz15} (16... Bd6 17. Bxh6 (17. Qxd4 Ne8 18. Bxh6
$18 f6 19. Qxd6 $1 {Fritz15} fxe5 20. Qxe5 Rf7 21. Bd3 $18) 17... Bxe5 18.
Rxg7+ Kh8 {looked too difficult; however} 19. Rg5 $1 {Fritz15} Rg8 (19... Bc7
20. Bg7+ Kh7 21. Bd3+ Ne4 22. Qh5+ Kg8 23. Qh8#) (19... Qc7 20. Bg7+ Kh7 21.
Bd3+ Ne4 22. Qh5+ (22. Bxe5 f5 23. Qh5#) 22... Kg8 23. Qh8#) 20. Rxe5 {Wh has
regained the piece, & the Bl K is exposed}) 17. Rd3 (17. Rh3 Be8 18. Bxh6 gxh6
19. Qg4+ Ng5 20. f4 f5 21. Qg3 Kg7 22. Re1 Rc8 23. Nf3 Bf7 24. Bd3 Rc5 25. fxg5
hxg5 26. Ne5 Bd6 27. Nxf7 Rxf7 28. Qf2 Qf6 $17) 17... Bc5 (17... Bf6 18. Rxd4 (
18. Nxd7 Qxd7 19. Bxh6 Nxf2 (19... gxh6 20. Qf3 Qd5 21. Re1 Nxf2 22. Qxf2 Be5
23. Rh3 Bg7 24. Bd3 Qxa2 25. Qf4 Qa5 26. Qe4 Rfe8 27. Qh7+ Kf8 28. Rf1 Rad8 29.
Rxf7+ (29. Bg6 $14 Re7 30. Bxf7 {transposes}) 29... Kxf7 30. Bg6+ Ke7 31. Qxg7+
Kd6 32. Qxd4+ Kc7 33. Qc3+ Qxc3 34. Rxc3+ Kd7 35. Bxe8+ Kxe8 $14 {Fritz15}) 20.
Kxf2 gxh6 21. Qh5 Bg7 22. Rg3 Kh8 23. Re1 Rac8 24. Bd3 $11 {Fritz15}) 18...
Bxe5 19. Rxe4 f6 $11 {Fritz15}) 18. Bxh6 $1 $11 {Fritz15 after a pause for
thought} (18. c3 dxc3 $1 19. Be3 Bxe3 20. Rxe3 (20. fxe3 Qf6 $19 21. Ng4 (21.
Nxd7 Qf2+ 22. Kh1 Qxb2 23. Qb1 Nf2+ 24. Kg1 Nxd3 25. Bxd3 Rfd8 26. Ne5 Qxb1+
27. Rxb1 Rd5 $19 {Fritz15})) 20... cxb2 21. Rb1 Nc5 22. Rxb2 Ba4 23. Qg4 Rc8
$17 {Fritz15}) 18... Nxf2 (18... gxh6 19. Qh5 Qg5 20. Qxg5+ hxg5 21. Nxd7 Rfd8
22. Nxc5 Nxc5 23. Rg3 Ne4 $11) 19. Kxf2 (19. Qh5 Nxd3 20. Bxd3 f5 (20... gxh6
21. Qxh6 f5 22. Qg6+ {perpetual}) 21. Bxg7 Kxg7 22. Qg6+ {perpetual}) 19...
Qf6+ 20. Kg1 Qxe5 21. Rg3 g6 22. Bd3 (22. Bxf8 Rxf8 23. Bd3 Bc6 $11 {Fritz15})
22... Rfe8 {initially given as = by Fritz15, who later concludes that Wh is
winning after all} 23. Rg5 $1 {and it seems that Bl has to give up the Q} Qd6
24. Qh5 {[%emt 0:00:08] initially Fritz15 goes for 75 +, then settles for mate
in}) 16... Bc6 (16... Be8 $11 {Fritz15}) 17. Nxc6 {going for an ending where
Wh has 2 Bs, Bl has split Q side pawns & is about an hour behind on the clock}
bxc6 18. Qxd8 (18. Qa4 Qd1 {looks a little awkward}) 18... Rfxd8 19. Bd3 (19.
Be2 $11 {Fritz15}) 19... Bc5 20. Rg3 (20. Re1 Ng4 21. Re2 $11) 20... Ne4 21.
Be3 {2 Bs are often the equal f a R & N, plus the Bl Q side pawns are
vulnrerable, especially in time pressure} (21. Rf3 Rab8 22. Kf1 $11) 21... Nxg3
(21... Bxe3 22. Rxe3 Nf6 $11 {might be a safer option, though the Wh B shold
be a little superior to the N}) 22. Bxc5 Nf5 23. Be4 (23. g4 Nd4 24. Kg2 Rd5
25. b4 a5 26. c3 Nb5 27. Be4 Nxc3 28. Bxd5 Nxd5 29. bxa5 Rxa5 $17 {Fritz15}) (
23. b4 Rd7 24. Be4 Rc8 25. g4 Ne7 26. a3 Nd5 27. Kg2 Nf6 28. Bf3 e5 29. Kg3 e4
30. Bg2 Rd2 31. Ra2 $17 {Fritz15}) 23... Nd6 24. Bf3 (24. Bd3 Nb5 25. a4 Nd4
26. Rb1 Rd7 27. b4 Rb8 28. f3 a5 29. b5 cxb5 30. axb5 Nxc2 31. Bxc2 Rc8 32. Rc1
Rdc7 33. b6 Rxc5 34. b7 Rb8 35. Bh7+ Kxh7 36. Rxc5 Rxb7 37. Rxa5 $17 {Fritz15;
but may well be drawnwith all the pawns on one side}) 24... Nc4 25. b4 (25. b3
Nd2 26. Be2 Ne4 27. Bb4 a5 28. Be1 a4 $17 {Fritz15}) 25... Ne5 $19 {Fritz15,
Rudy doesn't believe it} 26. Bd1 Rd5 (26... a5 $19 {Fritz15} 27. Bb6 (27. a3
Rd5 28. Rc1 axb4 29. axb4 g5 30. h3 $19 {Fritz15, but there is more work for
Bl to do}) 27... axb4 28. Bxd8 Rxd8 29. f4 Nc4 30. Bf3 c5 31. c3 Rd2 32. cxb4
cxb4 33. Rb1 Nb2 34. g3 g5 35. fxg5 hxg5 36. Re1 Kg7 37. Re4 Nd3 38. Be2 Nc5
39. Rc4 Rxe2 40. Rxc5 f5 41. Rb5 Rb2 42. Ra5 $19 {agreed, its very difficult
to hold for Wh . Bl does best to return some material to acheive an advantage
elsewhere}) 27. f4 Nd7 (27... Rad8 {expected by Wh} 28. Be2 Rd2 29. Bf1 (29.
Kf1 Ng6 30. Bxa7 Nxf4 31. Bf3 Rxc2 32. a4 Rc4 $19) 29... Ng6 30. Bxa7 Rxc2 (
30... Nxf4 31. Be3 Ne2+ 32. Kf2 Nc3+ 33. Bxd2 Rxd2+ 34. Ke3 Rd7 (34... Rxc2 35.
Kd3 Rxa2 36. Rxa2 Nxa2 37. Kc4 $16 {the B pawn will win a N})) 31. f5 Nf4 32.
fxe6 Ne2+ 33. Bxe2 Rxe2 34. Kf1 Rxe6 35. a4 Rd2 36. a5 Ree2 37. Bc5 Ra2 38.
Rxa2 Rxa2 $19 {Fritz15}) 28. Be3 (28. Bf2 $5) 28... Nb6 (28... a5 29. Bf3 Nf6
30. a4 axb4 31. Bxd5 Nxd5 32. Kf2 Ra5 $19 {Fritz15}) 29. Bf3 Rd6 30. b5 Nd5 {
by now Bl was living on increments, often going down to 10 seconds before
making a move. Unfortunately forgetting to keep score, until this neccessity
was pointed out.} 31. Bc5 $11 Rdd8 (31... Rd7 32. c4 Ne7 33. bxc6 Rc7 34. Bd6
Rac8 35. Rb1 Nxc6 36. Bxc7 Rxc7 37. Kf2 $11 {Fritz15}) 32. c4 Nxf4 33. Bxc6
Rac8 34. Bxa7 $14 {with 3 connected passed pawns} Rd2 (34... Rxc6 35. bxc6 Rc8
36. a4 Rxc6 37. a5 Ra6 38. Be3 Nd3 39. c5 $14 {Fritz15}) 35. Be3 $18 Ne2+ 36.
Kf1 Rc2 37. Bf3 (37. Be4 {Iolo} Nd4 $1 (37... R2xc4 38. Bd3 Nd4 39. Bxc4 Nc2
40. Bd3 Nxa1 41. b6 $16) 38. Bxd4 R2xc4 39. Bc6 Rxd4 40. a4 Rc4 41. a5 R4xc6
42. bxc6 Rxc6 43. a6 Rc8 44. a7 Ra8 45. Ke2 {Fritz15 claims win for Wh, but Bl
has 2 centre pawns} e5 46. Kd3 f5 47. Kc4 Kf7 48. Kb5 e4 49. Kc6 Ke6 50. Kb7
Re8 51. a8=Q Rxa8 52. Rxa8 Kd5 53. Kc7 f4 54. Kd7 f3 55. gxf3 exf3 56. Rf8 Ke4
57. Ke7 {and finally Fritz15 suggests its a draw} g5 58. Kf6 Ke3 59. Kg6 Kf2
60. Kxh6 g4 61. Kg5 g3 62. hxg3 Kxg3 $11) (37. c5 {Howard, looks convincing}
Nc3 38. a4 $18) (37. a4 {considered, may be the simplest win} e5 38. a5 Nd4 39.
Bxd4 exd4 40. a6 Rxc4 41. a7 R4xc6 42. bxc6 Ra8 43. c7 $18 {Fritz15}) 37... Nc3
38. b6 (38. a4 {still considered} Rxc4 39. b6 Nxa4 40. b7 Rb2 41. Ba7 Rcb4 42.
b8=Q+ Rxb8 43. Bxb8 Rxb8 44. Rxa4 $16 {Fritz15}) 38... Rxc4 39. b7 (39. a4 {
considered, still works} Nxa4 (39... Rxa4 40. Rxa4 Nxa4 41. b7 Rb2 42. Ba7 $18)
40. b7 Rb2 41. Ba7 Rcb4 42. b8=Q+ Rxb8 43. Bxb8 Rxb8 44. Rxa4 $16 {Fritz15})
39... Rb2 $11 (39... Rb4 40. Bc5 Rb5 41. a4 $18 {Fritz15}) 40. Ba7 (40. Bc1 Rb6
(40... Rbb4 41. Bd2 Nd5 42. Bxd5 exd5 43. Bxb4 Rxb4 44. Ke2 Rxb7 45. a4 $11)
41. Be3 Rb2 42. Bc1 $11 {Fritz15}) 40... Rcb4 41. Rc1 $2 {an attempt at
winning with a Rc8 ch; the first move after the time control is often a danger
zone} (41. b8=Q+ Rxb8 42. Bxb8 Rxb8 43. a4 Nd5 {Howard} 44. Bxd5 exd5 45. a5 (
45. Rd1 Ra8 46. Rxd5 Rxa4 {is a tyical draw with all the pawns on one side})
45... Ra8 46. a6 Ra7 47. Ke2 Kf8 48. Ke3 Ke7 49. Kd4 Kd6 50. Ra2 $11 (50. Ra5
Kc6 51. Rc5+ Kb6 52. Rc2 Rxa6 53. Kxd5 $11)) (41. a4 Rxb7 42. Bxb7 Rxb7 43. Bd4
Rc7 44. a5 Nb5 45. Be3 $16 {even though the B doesnt cover the Q 'ing square})
41... Rxb7 42. Bd4 $2 {a last mistake} (42. Bxb7 Rxb7 43. Rxc3 Rxa7 44. a3 f6
$19 {Bl's centre passed pawns will win}) 42... Rb1 43. Bxb7 Rxc1+ 44. Kf2 Nxa2
{and Wh's 3 passed pawns have disappeared, leaving Bl with 2 powerful centre
pawns} 45. Bf3 (45. Be4 Rc4 46. Ke3 Nb4 47. Bb6 f5 48. Bf3 Kf7 49. Ba5 e5 $19)
45... Nb4 46. Be3 Rc2+ 47. Kg3 Nd5 48. Bd4 Nc3 (48... Rd2) (48... f6) 49. Bb6 (
49. Be3 $5) 49... e5 50. h4 g6 51. h5 e4 52. Bg4 f5 53. Bh3 Ne2+ 54. Kh2 (54.
Kh4 g5# {a quick way to end things}) 54... Nf4 55. hxg6 Nxh3 56. Kxh3 Kg7 57.
Bd4+ Kxg6 0-1